000 00497cam a2200205ua 4500
001 8191
005 20260515114314.0
008 150110n ii |||gr||||Z||||||hin
040 _cMAIN
041 _ahin
082 _a891.433
100 _aRaja, R. B.,
_eAuthor.
245 1 _aPrashnatit
_cBy Raj Buddhi Raja
250 _a1st.
260 _aNew Delhi:
_bLakshmisila ,
_c1977.
300 _a110p.
653 _aEast Indo-European & Celtic literatures
653 _aHIndi novels
942 _cBK
999 _c7301
_d7301